000 00709nam a22002531 4500
001 36394
003 BD-RjUL
005 20211209052500.0
008 140622s1954 enk 000 0 eng
035 _a(BD-RjUL)36491
035 _a(OCoLC)3050243
040 _aDLC
_cOC
_dUk
_dBD-RjUL
_beng
041 _aeng
082 _a321.04
_bCOP 1954
100 1 _aCohen, L. Jonathan
_q(Laurence Jonathan)
_991268
245 1 4 _aThe principles of world citizenship /
_cL. Jonathan Cohen
260 _aOxford :
_bBlackwell,
_c1954.
300 _aviii, 103 p. ;
_c22 cm.
650 0 _aSocial ethics.
_95055
650 0 _aInternationalism.
_9108784
942 _2ddc
_cBK
999 _c36394
_d36394